<?xml version="1.0" encoding="UTF-8"?>
<record
    xmlns:xsi="http://www.w3.org/2001/XMLSchema-instance"
    xsi:schemaLocation="http://www.loc.gov/MARC21/slim http://www.loc.gov/standards/marcxml/schema/MARC21slim.xsd"
    xmlns="http://www.loc.gov/MARC21/slim">

  <leader>04205cam a22006014i 4500</leader>
  <controlfield tag="003">PE-LiUPU</controlfield>
  <controlfield tag="005">20250731170410.0</controlfield>
  <controlfield tag="008">151029s2014    ck a    rb    001 0 spa d</controlfield>
  <datafield tag="020" ind1=" " ind2=" ">
    <subfield code="a">9789581203338</subfield>
  </datafield>
  <datafield tag="035" ind1=" " ind2=" ">
    <subfield code="a">(Sirsi) a155092</subfield>
  </datafield>
  <datafield tag="040" ind1=" " ind2=" ">
    <subfield code="a">PE-LiUPU</subfield>
    <subfield code="b">spa</subfield>
    <subfield code="c">PE-LiUPU</subfield>
    <subfield code="e">rda</subfield>
  </datafield>
  <datafield tag="049" ind1=" " ind2=" ">
    <subfield code="a">PRUA</subfield>
  </datafield>
  <datafield tag="082" ind1="0" ind2="4">
    <subfield code="a">174.2</subfield>
    <subfield code="b">G68</subfield>
  </datafield>
  <datafield tag="100" ind1="1" ind2=" ">
    <subfield code="a">Gamboa Bernal, Gilberto A.,</subfield>
    <subfield code="e">autor.</subfield>
  </datafield>
  <datafield tag="245" ind1="1" ind2="3">
    <subfield code="a">El ser humano y su dimensi&#xF3;n bio&#xE9;tica /</subfield>
    <subfield code="c">Gilberto A. Gamboa Bernal.</subfield>
  </datafield>
  <datafield tag="264" ind1=" " ind2="1">
    <subfield code="a">Colombia :</subfield>
    <subfield code="b">Universidad de La Sabana,</subfield>
    <subfield code="c">2014.</subfield>
  </datafield>
  <datafield tag="300" ind1=" " ind2=" ">
    <subfield code="a">329 p&#xE1;ginas :</subfield>
    <subfield code="b">ilustraciones ;</subfield>
    <subfield code="c">24 cent&#xED;metros.</subfield>
  </datafield>
  <datafield tag="336" ind1=" " ind2=" ">
    <subfield code="a">text</subfield>
    <subfield code="2">rdacontent</subfield>
  </datafield>
  <datafield tag="337" ind1=" " ind2=" ">
    <subfield code="a">unmediated</subfield>
    <subfield code="2">rdamedia</subfield>
  </datafield>
  <datafield tag="338" ind1=" " ind2=" ">
    <subfield code="a">volume</subfield>
    <subfield code="2">rdacarrier</subfield>
  </datafield>
  <datafield tag="490" ind1="0" ind2=" ">
    <subfield code="a">Colecci&#xF3;n estudios.Facultad de Medicina ;</subfield>
    <subfield code="v">2</subfield>
  </datafield>
  <datafield tag="504" ind1=" " ind2=" ">
    <subfield code="a">Bibliograf&#xED;a : p&#xE1;ginas 305-308.</subfield>
  </datafield>
  <datafield tag="504" ind1=" " ind2=" ">
    <subfield code="a">&#xCD;ndice : p&#xE1;ginas 309-329.</subfield>
  </datafield>
  <datafield tag="505" ind1="0" ind2=" ">
    <subfield code="a">Relaci&#xF3;n entre la antropolog&#xED;a y la bio&#xE9;tica -- El ser personal del hombre -- &#xBF;Qui&#xE9;n es el hombre? -- La libertad -- El don -- La coexistencia -- El car&#xE1;cter de "adem&#xE1;s" -- El conocer -- El amor -- La intimidad -- La novedad -- La irreductibilidad -- &#xBF;Qu&#xE9; es el hombre? -- Niveles del tener -- Primer nivel -- Segundo nivel -- Tercer nivel -- Excelencia y trascendencia -- El estudio del hombre desde la antropolog&#xED;a filos&#xF3;fica -- La antropolog&#xED;a filos&#xF3;fica -- Quiebre en la filosof&#xED;a -- Panorama del pensamiento contempor&#xE1;neo -- Filosof&#xED;as de la persona -- El ser humano y su dimensi&#xF3;n bio&#xE9;tica -- Elementos de una adecuada o ideal filosof&#xED;a de la persona -- Material para el taller -- Evoluci&#xF3;n frente a evolucionismo -- Origen del hombre -- Origen del cosmos -- Cosmovisi&#xF3;n actual -- Teor&#xED;a incompleta -- El principio antropoc&#xE9;ntrico -- Evolucionismo -- Creacionismo -- Creaci&#xF3;n y evoluci&#xF3;n -- Creaci&#xF3;n -- Evoluci&#xF3;n -- Material para el taller -- El alma: realidad o ficci&#xF3;n -- Noci&#xF3;n de alma -- La unidad sustancial del alma humana -- Teor&#xED;as sobre las "partes" del alma humana -- Argumentos a favor de la unidad del alma humana -- Argumentos contrarios a la unidad del alma humana -- Teor&#xED;as sobre la uni&#xF3;n entre el alma y el cuerpo humano -- Teor&#xED;a de la uni&#xF3;n sustancial de cuerpo y alma -- La naturaleza del alma humana -- El alma humana es subsistente -- El alma humana es simple -- El alma humana es inmortal -- El alma es espiritual -- El alma no es sustancia completa -- Origen del alma humana -- Gilberto A. Gamboa Bernal -- Facultades del alma humana -- Naturaleza de la facultad -- Tipos de facultades humanas -- Conocimiento humano sensible y proceso perceptivo -- El conocimiento sensible -- Inclinaciones o apetitos -- Diferencias del apetito animal y humano -- Material para el taller -- El laberinto afectivo -- Clases de sentimientos -- Pensamiento y voluntad -- Conciencia e inconsciente -- Verdad, bien y ley natural -- Buscar la verdad y hacer el bien -- Entre lo verdadero y lo bueno -- Ley natural -- Material para el taller -- Libertad y dignidad -- El trabajo humano -- Educaci&#xF3;n y sexualidad -- Ciencia, tecnolog&#xED;a y &#xE9;tica -- Los l&#xED;mites del hombre: enfermedad, sufrimiento y muerte -- &#xC9;tica social: reto para la persona -- &#xC9;tica y ecolog&#xED;a -- Felicidad y sentido de la vida -- Felicidad -- El sentido de la vida -- Bibliograf&#xED;a general.</subfield>
  </datafield>
  <datafield tag="526" ind1=" " ind2=" ">
    <subfield code="a">SEG68</subfield>
  </datafield>
  <datafield tag="526" ind1=" " ind2=" ">
    <subfield code="a">SEG70</subfield>
  </datafield>
  <datafield tag="526" ind1=" " ind2=" ">
    <subfield code="a">SEG69</subfield>
  </datafield>
  <datafield tag="526" ind1=" " ind2=" ">
    <subfield code="a">SEG67</subfield>
  </datafield>
  <datafield tag="526" ind1=" " ind2=" ">
    <subfield code="a">SEG43</subfield>
  </datafield>
  <datafield tag="526" ind1=" " ind2=" ">
    <subfield code="a">P144</subfield>
  </datafield>
  <datafield tag="526" ind1=" " ind2=" ">
    <subfield code="a">P143</subfield>
  </datafield>
  <datafield tag="526" ind1=" " ind2=" ">
    <subfield code="a">P131</subfield>
  </datafield>
  <datafield tag="526" ind1=" " ind2=" ">
    <subfield code="a">P122</subfield>
  </datafield>
  <datafield tag="526" ind1=" " ind2=" ">
    <subfield code="a">P120</subfield>
  </datafield>
  <datafield tag="526" ind1=" " ind2=" ">
    <subfield code="a">P117</subfield>
  </datafield>
  <datafield tag="526" ind1=" " ind2=" ">
    <subfield code="a">P112</subfield>
  </datafield>
  <datafield tag="526" ind1=" " ind2=" ">
    <subfield code="a">P110</subfield>
  </datafield>
  <datafield tag="526" ind1=" " ind2=" ">
    <subfield code="a">P106</subfield>
  </datafield>
  <datafield tag="526" ind1=" " ind2=" ">
    <subfield code="a">P101</subfield>
  </datafield>
  <datafield tag="526" ind1=" " ind2=" ">
    <subfield code="a">P80</subfield>
  </datafield>
  <datafield tag="526" ind1=" " ind2=" ">
    <subfield code="a">P59</subfield>
  </datafield>
  <datafield tag="526" ind1=" " ind2=" ">
    <subfield code="a">P54</subfield>
  </datafield>
  <datafield tag="526" ind1=" " ind2=" ">
    <subfield code="a">P35</subfield>
  </datafield>
  <datafield tag="526" ind1=" " ind2=" ">
    <subfield code="a">P33</subfield>
  </datafield>
  <datafield tag="526" ind1=" " ind2=" ">
    <subfield code="a">P30</subfield>
  </datafield>
  <datafield tag="910" ind1=" " ind2=" ">
    <subfield code="a">rdg</subfield>
    <subfield code="b">jck</subfield>
    <subfield code="c">rdg</subfield>
    <subfield code="d">20151029</subfield>
  </datafield>
  <datafield tag="942" ind1=" " ind2=" ">
    <subfield code="2">ddc</subfield>
    <subfield code="c">BOOK</subfield>
  </datafield>
  <datafield tag="949" ind1=" " ind2=" ">
    <subfield code="a">174.2 G68</subfield>
    <subfield code="w">DEWEY</subfield>
    <subfield code="c">1</subfield>
    <subfield code="i">70698</subfield>
    <subfield code="l">CCODEBUL1</subfield>
    <subfield code="m">BUL</subfield>
    <subfield code="p">00.00</subfield>
    <subfield code="r">0</subfield>
    <subfield code="s">Y</subfield>
    <subfield code="t">BOOK</subfield>
    <subfield code="u">29/10/015</subfield>
    <subfield code="x">SALUD</subfield>
    <subfield code="P">P33</subfield>
    <subfield code="0">COMPRA</subfield>
    <subfield code="o">.STAFF. Colecci&#xF3;n General</subfield>
  </datafield>
  <datafield tag="994" ind1=" " ind2=" ">
    <subfield code="a">C0</subfield>
    <subfield code="b">PEPRU</subfield>
  </datafield>
  <datafield tag="596" ind1=" " ind2=" ">
    <subfield code="a">1</subfield>
  </datafield>
  <datafield tag="999" ind1=" " ind2=" ">
    <subfield code="a">174.2 G68</subfield>
    <subfield code="w">DEWEY</subfield>
    <subfield code="c">7783</subfield>
    <subfield code="i">70698</subfield>
    <subfield code="d">7783</subfield>
    <subfield code="e">2018-6-5</subfield>
    <subfield code="f">2021-11-4</subfield>
    <subfield code="g">5</subfield>
    <subfield code="l">CCODEBUL1</subfield>
    <subfield code="m">BUL</subfield>
    <subfield code="n">6</subfield>
    <subfield code="p">13.00</subfield>
    <subfield code="q">4</subfield>
    <subfield code="r">0</subfield>
    <subfield code="s">Y</subfield>
    <subfield code="t">BOOK</subfield>
    <subfield code="u">2015-10-29</subfield>
    <subfield code="x">BIBLIOTECA</subfield>
    <subfield code="P">P33</subfield>
    <subfield code="0">COMPRA</subfield>
    <subfield code="o">.STAFF. Colecci&#xF3;n Ciencias de la Salud</subfield>
  </datafield>
  <datafield tag="980" ind1=" " ind2=" ">
    <subfield code="8">1</subfield>
    <subfield code="g">ALBERTO SANCHEZ Responsable de Automatizaci&#xF3;n</subfield>
  </datafield>
  <datafield tag="952" ind1=" " ind2=" ">
    <subfield code="r">2026-05-12 09:13:25</subfield>
    <subfield code="i">6</subfield>
    <subfield code="l">6</subfield>
    <subfield code="o">174.2 G68</subfield>
    <subfield code="p">70698</subfield>
    <subfield code="s">2018-06-05</subfield>
    <subfield code="t">e1</subfield>
    <subfield code="v">18.00</subfield>
    <subfield code="w">2015-10-29</subfield>
    <subfield code="x">FCS</subfield>
    <subfield code="y">BK</subfield>
    <subfield code="z">inventario-2023-12-13</subfield>
    <subfield code="1">0</subfield>
    <subfield code="2">ddc</subfield>
    <subfield code="5">0</subfield>
    <subfield code="7">0</subfield>
    <subfield code="8">GEN</subfield>
    <subfield code="f">P33</subfield>
    <subfield code="a">BUL</subfield>
    <subfield code="b">BUL</subfield>
    <subfield code="c">GEN</subfield>
    <subfield code="d">2015-10-29</subfield>
    <subfield code="e">COMPRA</subfield>
    <subfield code="g">13.00</subfield>
  </datafield>
</record>
